Fabulas [samaniego] /

Guardado en:
Autor Principal: Samaniego, Felix Maria
Formato: Libro
Publicado: Madrid : Castalia, 1969
Materias:
Etiquetas: Agregar Etiqueta
Sin Etiquetas, Sea el primero en etiquetar este registro!
LEADER 00521nam a22001695a 4500
001 EHU.bham007821
003 AR-BHAM
005 20091204150646.0
008 130507s1969##################000#0#####d
082 8 6 |a 861.4 
100 1 |a Samaniego, Felix Maria 
245 1 0 |a Fabulas [samaniego] /  |c Felix Maria Samaniego. 
260 |a Madrid :  |b Castalia,  |c 1969 
300 |a 231 p. 
500 |a Ed., Introd. Y Notas De Ernesto JareÑo 
653 |a Poesia espaÑola-1701-1800 
859 |a AR-BHAM  |b BIB. HUMANIDADES - General  |h 861.4  |i SA42  |p 146.73  |t Ej.1